Pride and Prejudice First 200 Words Quiz Stats

Quiz Updated May 6, 2016

Challenge
Share
Tweet
Embed
Score 0/200 Timer 10:00
2 Plays Today
Word % Correct
a
98.7%
a
98.7%
a
98.7%
a
98.7%
a
98.7%
a
98.7%
a
98.7%
a
98.7%
I
97.7%
is
94.1%
is
94.1%
is
94.1%
is
94.1%
is,'
94.1%
is
94.1%
It
92.9%
it
92.9%
it.'
92.9%
it?'
92.9%
it.'
92.9%
be
92.8%
be
92.8%
in
92.2%
in
92.2%
in
92.2%
in
92.2%
of
91%
of
91%
of
91%
of
91%
of
91%
of
91%
of
91%
of
91%
man
90.2%
man
90.2%
man
90.2%
the
89.3%
the
89.3%
the
89.3%
the
89.3%
the
89.3%
the
89.3%
that
88.8%
that
88.8%
that
88.8%
that
88.8%
that
88.8%
that
88.8%
'For
86%
wife.
85.4%
wife
85.4%
want
83.4%
want
83.4%
want
83.4%
he
79.9%
he
79.9%
he
79.9%
you
79.7%
'You
79.7%
you
79.7%
must
78.7%
must
78.7%
and
77.8%
and
77.8%
and
77.8%
and
77.8%
Word % Correct
to
77.4%
to
77.4%
to
77.4%
to
77.4%
to
77.3%
you
76.1%
fortune
75.2%
fortune
75.2%
Mr.
74.9%
Mr.
74.9%
Mr.
74.9%
truth
74.8%
truth
74.8%
Bennet,'
72.6%
Bennet
72.6%
Bennet
72.6%
no
71.9%
no
71.9%
universally
71.2%
possession
69.6%
good
69.5%
not
69%
Mrs.
69%
Mrs.
69%
acknowledged,
69%
know
68%
know,
68%
me
67.9%
me
67.9%
on
67.4%
on
67.4%
she,
67.2%
she
67.2%
single
66.3%
not.
65.5%
said
65.5%
his
63.4%
his
63.4%
his
63.4%
'Have
63%
have
63%
'Do
62.9%
so
61.2%
so
61.2%
at
59.2%
who
58.8%
has
56.3%
has
56.3%
had
55.2%
one
54.9%
one
54.9%
'My
53.4%
my
53.4%
him
52.9%
daughters.
52.7%
let
52.5%
this
51.4%
This
51.4%
was
51.2%
was
51.2%
as
51.1%
heard
51.1%
Netherfield
49.2%
Netherfield
49.2%
their
48.3%
large
48.1%
last?'
48%
Word % Correct
young
47.9%
all
47.7%
tell
47.5%
well
47.3%
'But
47%
day,
46.7%
known
46.6%
told
46.3%
dear
46%
dear,
46%
or
45.7%
or
45.7%
from
45.4%
by
43.7%
lady
43.1%
see
43%
Park
42.8%
been
40.7%
about
40.7%
replied
39.5%
with
39.4%
taken
38.6%
taken
38.6%
'Why
38.4%
such
36.8%
just
36.6%
objection
36.4%
Long
36.2%
Long
36.2%
hearing
36%
some
34.7%
here,
33.2%
may
32.7%
other
31.6%
neighborhood,
30.6%
England;
30.6%
says
30.5%
four
30%
came
29.6%
north
29%
minds
28.7%
property
28.6%
made
28.5%
However
28.2%
little
28.1%
answer.
26.6%
place,
26%
down
25.6%
first
25%
families
24.5%
cried
24.2%
enough.
23.7%
rightful
22.9%
considered
22.8%
entering
22.6%
feelings
22.4%
chaise
22.3%
much
22.1%
Monday
21.5%
fixed
21.1%
surrounding
20.6%
invitation
18.6%
views
18.5%
impatiently.
15.3%
delighted
15.1%
returned
13.7%

You're not logged in!

Compare scores with friends on all Sporcle quizzes.
Sign Up with Email
OR
Log In

You Might Also Like...

Show Comments

Extras

Top Quizzes Today


Score Distribution

Your Account Isn't Verified!

In order to create a playlist on Sporcle, you need to verify the email address you used during registration. Go to your Sporcle Settings to finish the process.